Paises das Américas - Statistics

Estatísticas Gerais
  • Esse quiz foi jogado 112 vezes
  • A pontuação média é 29 de 35
Estatísticas das Respostas
País % Correto
Brasil
100%
Argentina
97%
Canada
97%
Chile
96%
Estados Unidos
96%
México
96%
Uruguai
96%
Paraguai
95%
Colômbia
93%
Cuba
93%
Bolívia
92%
Guiana
92%
Peru
92%
Venezuela
92%
Equador
91%
Suriname
88%
Costa Rica
84%
El Salvador
84%
Guatemala
84%
Honduras
84%
Jamaica
84%
Nicarágua
84%
Panamá
83%
República Dominicana
83%
Haiti
80%
Belize
77%
Bahamas
72%
Barbados
72%
Dominica
71%
Antígua e Barbuda
68%
Santa Lúcia
63%
Granada
60%
São Cristóvão e Névis
60%
São Vicente e Granadinas
60%
Trininad e Tobago
0%
Nenhum quiz correspondente encontrado
Distribuição das Pontuações
Porcentagem de Pessoas com Cada Pontuação
Percentil de Números Respondidos
Sua Pontuação Histórica
Você não jogou esse quiz